Countries of North America - Statistics

General Stats
  • This quiz has been taken 48 times
  • The average score is 19 of 23
Answer Stats
Continent Country % Correct
North America Canada
100%
North America Mexico
93%
North America United States
93%
North America Bahamas
90%
North America Barbados
87%
North America Costa Rica
87%
North America Cuba
87%
North America Dominica
87%
North America Dominican Republic
87%
North America El Salvador
87%
North America Haiti
83%
North America Honduras
83%
North America Antigua and Barbuda
80%
North America Belize
80%
North America Guatemala
80%
North America Nicaragua
80%
North America Panama
80%
North America Saint Vincent and the Grenadines
73%
North America Grenada
70%
North America Jamaica
70%
North America Saint Kitts and Nevis
70%
North America Saint Lucia
70%
North America Trinidad and Tobago
70%
No matching quizzes found
Score Distribution
Percent of People with Each Score
Percentile by Number Answered
Your Score History
You have not taken this quiz